000 00522nam a2200169Ia 4500
001 13027
005 20260306163023.0
008 260306t9999||||xx |||||||||||||| ||spa||
041 _aESP
082 _aRD 658.003
_bB35
100 _aBegazo, José Domingo
_eAUT
245 0 _aTerminología de los nuevos estilos de gerencia:
_bel lenguaje empresarial de las organizaciones inteligentes en la sociedad del conocimiento
300 _a129 páginas :
_c21cm.
650 _aGEN
654 _aCAN
942 _cLIB
_dJUS
_fJUS
_2ddc
_n
999 _c13027
_d13027